Rive lontane /

Uloženo v:
Podrobná bibliografie
Hlavní autor: Flogny, Anaïs (Autor)
Další autoři: Savino, Francesco (Překladatel)
Médium: Kniha
Jazyk:italština
Vydáno: Milano : Bao, 2024
Tagy: Přidat tag
Žádné tagy, Buďte první, kdo vytvoří štítek k tomuto záznamu!

MARC

LEADER 00000nam a22000007i 4500
001 IT\ICCU\UBO\4803279
003 ItRI
005 20241009183245.0
008 240613s2024 it |||||| ||||| |||||c
020 |a 9791256210176 
020 |a 9791256210442 (Variant) 
040 |b ita  |c GP 
041 7 |a ita  |2 ISO-639-2 
082 |a 741.5944  |2 23 
100 1 |a Flogny, Anaïs  |0 IT\ICCU\UBOV\144334  |4 aut 
240 1 0 |a Rivages lointains  |9 Flogny, Anaïs 
245 1 0 |a Rive lontane /  |c Anaïs Flogny. 
260 |a Milano :  |b Bao,  |c 2024 
300 |a 225 p., [7] carte di tav. :  |b fumetti color. ;  |c 27 cm 
500 |a Traduzione: Francesco Savino ; impaginazione e lettering: Sara Bottaini con Officine Bolzoni 
700 1 |a Savino, Francesco  |0 IT\ICCU\CFIV\094174  |4 trl 
942 |2 ddc  |c BK 
952 |0 0  |1 0  |2 ddc  |4 0  |6 741_594400000000000_FLO  |7 1  |9 2091  |a RM  |b RM  |d 2024-10-09  |l 0  |o 741.5944 FLO  |p 871  |r 2024-10-09 18:33:21  |w 2024-10-09  |y BK 
981 1 |6 z01  |a b   |b xb2e  
982 1 |6 z01  |a n 
999 |c 1832  |d 1832